000 00798nmc a2200289 a 4500
003 AR-BaBNM
005 20251128203046.0
008 011101s1983 ||||||||||||||000 | spa||
040 _cAR-BaBNM
100 1 _aOtero, Oliveros F.
245 1 0 _aEducación y manipulación
250 _a3ª ed.
260 _aPamplona
_bEunsa
_c1983
300 0 _a224 p.
490 0 _aBiblioteca. Educación
_vv. 10
500 0 _aEUNSA: Ediciones Universidad de Navarra
504 _aBibliografía: p. 221-224
650 4 _aFILOSOFIA DE LA EDUCACION
650 4 _aFINALIDADES DE LA EDUCACION
650 4 _aVALORES MORALES
650 4 _aLIBERTAD DE ENSENANZA
650 4 _aLIBERTAD DE EXPRESION
650 4 _aLIBERTAD DE PENSAMIENTO
650 4 _aLIBERTAD RELIGIOSA
942 _cBK
998 _cSILVI
999 _c1702
_d1702